000 00308nam a2200121Ia 4500
008 190216s9999||||xx |||||||||||||| ||und||
100 _aPhilip E Hart Man & Sigmund R Suskind
245 0 _aGene Action
260 _bPrentice Hall Of India Pvt Ltd
_c1969
300 _a260p
650 _aBotany
942 _cBK
999 _c1157
_d1157